000 00747cab a2200217 4500
001 WB2910-19
008 090401t xxu||||| |||| 00| 0 eng d
035 _a(Sirsi) u68041
041 _aeng
245 _aChartered surveyors and energy audits
260 _c(PR48/93) 5 March 1993(2)
350 _a0
490 _aRICS Press Release
_v(PR48/93) 5 March 1993(2)
520 _aReviews "Energy appraisal of existing buildings - a handbook for surveyors" (RICS £14.95) which follows collaboration between the RICS and the Energy Efficiency Office.
650 _aENERGY APPRAISALS
650 _aENERGY AUDITS
650 _aENERGY EFFICIENCY OFFICE
690 _aENVIRONMENTAL AND LAND CONSULTANCY-ENERGY
942 _n0
948 _c04/03/1997
999 _c42652
_d42652